| 000 | 01034nam0a2200277 4500 | ||
|---|---|---|---|
| 001 | RU\NLR\b_ik\115885 | ||
| 005 | 20250616225427.0 | ||
| 010 |
_a5-865438-082-X _9500 |
||
| 035 | _a(NLR Aleph) 002189519 | ||
| 090 |
_a2892813 _c2892813 |
||
| 100 | _a20040817d2003 |||y0rusy50 ca | ||
| 101 | 0 | _aeng | |
| 102 | _aRU | ||
| 105 | _aa ||||||||| | ||
| 200 | 1 |
_aTheoretical grounds and mechanisms for realization of social policy of Russia _fV.L. Kurakov |
|
| 210 |
_aM. _cHelios assoc. of higher institutions development _d2003 |
||
| 215 |
_a95 с. _cдиагр. _d20 |
||
| 320 | _aБиблиогр.: с. 94-95 (22 назв.) | ||
| 541 | 0 |
_aСоциальная политика в России _zrus |
|
| 606 | 0 |
_aСоциальное обеспечение _yРоссийская Федерация _92073977 _3RU\NLR\AUTH\661248937 |
|
| 686 | 4 | _aУ27(2)2 | |
| 700 | 1 |
_aKurakov _bV. L. _gVladimir L'vovič _4070 |
|
| 801 | 0 |
_aRU _bNLR _c20040817 _gPSBO |
|
| 942 | _cBOOK | ||
| 980 | _aNB | ||